000 00562cam a2200181 a 4500
001 000006156
005 20200929151944.0
008 890214s1988 ve 000 p spa
040 _aDO-SdBNP
_dBNPHU
082 _aV861.44
_bO83s
100 1 _aOsorio, Carlos,
_q(Carlos Osorio Granado)
_d1955-
_917288
245 1 0 _aSaravá /
_cCarlos Osorio.
260 _aValencia [Venezuela] :
_bAmazonía,
_c1988.
300 _a63 p. ;
_c19 cm.
650 4 _aPoesía venezolana
_94230
650 4 _aLiteratura venezolana
_ySIGLO XX
_99777
910 _aCatalogación por copia / LC
999 _c5952
_d5952